| 000 | 00969nam a22002177a 4500 | ||
|---|---|---|---|
| 003 | OSt | ||
| 005 | 20251106132927.0 | ||
| 008 | 251016b |||||||| |||| 00| 0 eng d | ||
| 040 | _c0 | ||
| 082 | _aDPer 371.91 J826 July-October 2022 v. 27 n. 3-4 | ||
| 100 |
_aWaillet, Pauline van der Straten. _eauthor. _968884 |
||
| 245 |
_aSpeech-Language pathologists' support for parents of young d/deaf multilingual learners / _cPauline van der Straten Waillet, Cecile Colin, Kathryn Crowe, and Brigitte Charlier. |
||
| 260 |
_aUSA ; _bOxford University Press , _cOctober 2022. |
||
| 300 |
_aVolume 27, pages 324-337 : _billustration ; _c28 cm. |
||
| 500 | _aJournal of Deaf Studies and Deaf Education, vol. 37, no. 4, pages 324-337 , October 2022. | ||
| 700 |
_aWaillet, Pauline van der Straten. _eauthor. _968884 |
||
| 710 |
_aColin, Cecile. _eauthor. _968881 |
||
| 711 |
_aCrowe, Kathryn. _jauthor. _968882 |
||
| 711 |
_aCharlier, Brigitte. _jauthor. _968883 |
||
| 942 |
_2ddc _cPER |
||
| 999 |
_c24073 _d24073 |
||